VM Performace Management

Salvato in:
Dettagli Bibliografici
Autore principale: Eddolls, Trevor
Natura: Libro
Lingua:inglese
Pubblicazione: New York McGraw-Hill 1989
Edizione:1. ed.
Tags: Aggiungi Tag
Nessun Tag, puoi essere il primo ad aggiungerne!!

MARC

LEADER 00000nam a2200000 4500
001 c028161
005 20221215114605.9
041 0 |a eng 
044 |a US 
245 1 0 |a VM Performace Management  |c Trevor Eddolls 
250 |a 1. ed. 
264 1 |a New York  |b McGraw-Hill  |c 1989 
300 |a 265 s. 
100 1 |a Eddolls, Trevor